<?xml version="1.0" encoding="UTF-8"?>
<record
    xmlns:xsi="http://www.w3.org/2001/XMLSchema-instance"
    xsi:schemaLocation="http://www.loc.gov/MARC21/slim http://www.loc.gov/standards/marcxml/schema/MARC21slim.xsd"
    xmlns="http://www.loc.gov/MARC21/slim">

  <leader>04508nam a22005535i 4500</leader>
  <controlfield tag="001">978-981-10-6946-8</controlfield>
  <controlfield tag="003">DE-He213</controlfield>
  <controlfield tag="005">20250103112326.0</controlfield>
  <controlfield tag="007">cr nn 008mamaa</controlfield>
  <controlfield tag="008">220629s2022    si |    s    |||| 0|eng d</controlfield>
  <datafield tag="020" ind1=" " ind2=" ">
    <subfield code="a">9789811069468</subfield>
    <subfield code="9">978-981-10-6946-8</subfield>
  </datafield>
  <datafield tag="024" ind1=" " ind2=" ">
    <subfield code="a">10.1007/978-981-10-6946-8</subfield>
    <subfield code="2">doi</subfield>
  </datafield>
  <datafield tag="050" ind1=" " ind2=" ">
    <subfield code="a">TC1665-1670</subfield>
  </datafield>
  <datafield tag="072" ind1=" " ind2=" ">
    <subfield code="a">TTSH</subfield>
    <subfield code="2">bicssc</subfield>
  </datafield>
  <datafield tag="072" ind1=" " ind2=" ">
    <subfield code="a">TEC009020</subfield>
    <subfield code="2">bisacsh</subfield>
  </datafield>
  <datafield tag="072" ind1=" " ind2=" ">
    <subfield code="a">TTS</subfield>
    <subfield code="2">thema</subfield>
  </datafield>
  <datafield tag="082" ind1=" " ind2=" ">
    <subfield code="a">627.98</subfield>
    <subfield code="2">23</subfield>
  </datafield>
  <datafield tag="245" ind1=" " ind2=" ">
    <subfield code="a">Encyclopedia of Ocean Engineering</subfield>
    <subfield code="h">[electronic resource] /</subfield>
    <subfield code="c">edited by Weicheng Cui, Shixiao Fu, Zhiqiang Hu.</subfield>
  </datafield>
  <datafield tag="250" ind1=" " ind2=" ">
    <subfield code="a">1st ed. 2022.</subfield>
  </datafield>
  <datafield tag="260" ind1=" " ind2=" ">
    <subfield code="a">Singapore :</subfield>
    <subfield code="b">Springer Nature Singapore :</subfield>
    <subfield code="b">Imprint: Springer,</subfield>
    <subfield code="c">2022.</subfield>
  </datafield>
  <datafield tag="300" ind1=" " ind2=" ">
    <subfield code="a">1735 illus., 1173 illus. in color. eReference.</subfield>
    <subfield code="b">online resource.</subfield>
  </datafield>
  <datafield tag="336" ind1=" " ind2=" ">
    <subfield code="a">text</subfield>
    <subfield code="b">txt</subfield>
    <subfield code="2">rdacontent</subfield>
  </datafield>
  <datafield tag="337" ind1=" " ind2=" ">
    <subfield code="a">computer</subfield>
    <subfield code="b">c</subfield>
    <subfield code="2">rdamedia</subfield>
  </datafield>
  <datafield tag="338" ind1=" " ind2=" ">
    <subfield code="a">online resource</subfield>
    <subfield code="b">cr</subfield>
    <subfield code="2">rdacarrier</subfield>
  </datafield>
  <datafield tag="347" ind1=" " ind2=" ">
    <subfield code="a">text file</subfield>
    <subfield code="b">PDF</subfield>
    <subfield code="2">rda</subfield>
  </datafield>
  <datafield tag="505" ind1=" " ind2=" ">
    <subfield code="a">Fixed and floating offshore oil and gas platforms -- Pipelines and risers -- Cables and mooring -- Buoy technology -- Foundation engineering -- Ocean mining -- Marine and offshore renewable energy -- Aquaculture engineering -- Subsea engineering -- Ship and special marine vehicle design -- Intact and damaged stability -- Technology for energy efficiency and green shipping -- Ship production technology -- Decommissioning and recycling -- Ice mechanics -- Ice-structure interaction -- Polar operations -- Polar design -- Environmental protection -- AUV/ROV/HOV design -- AUV/ROV/HOV hydrodynamics.-Maneuvering and control; and underwater-specific communicating and sensing systems for AUV/ROV/HOVs.</subfield>
  </datafield>
  <datafield tag="520" ind1=" " ind2=" ">
    <subfield code="a">This encyclopedia adopts a wider definition for the concept of ocean engineering. Specifically, it includes (1) offshore engineering: fixed and floating offshore oil and gas platforms; pipelines and risers; cables and moorings; buoy technology; foundation engineering; ocean mining; marine and offshore renewable energy; aquaculture engineering; and subsea engineering; (2) naval architecture: ship and special marine vehicle design; intact and damaged stability; technology for energy efficiency and green shipping; ship production technology; decommissioning and recycling; (3) polar and Arctic Engineering: ice mechanics; ice-structure interaction; polar operations; polar design; environmental protection; (4) underwater technologies: AUV/ROV design; AUV/ROV hydrodynamics; maneuvering and control; and underwater-specific communicating and sensing systems for AUV/ROVs. It summarizes the A&#x2013;Z of the background and application knowledge of ocean engineering for use by ocean scientists and ocean engineers as well as nonspecialists such as engineers and scientists from all disciplines, economists, students, and politicians. Ocean engineering theories, ocean devices and equipment, ocean design and operation technologies are described by international experts, many from industry and each entry offers an introduction and references for further study, making current technology and operating practices available for future generations to learn from. The book also furthers our understanding of the current state of the art, leading to new and more efficient technologies with breakthroughs from new theory and materials. As the land resources approach the exploitation limit, ocean resources are becoming the next choice for the sustainable development. As such, ocean engineering is vital in the 21st century.</subfield>
  </datafield>
  <datafield tag="650" ind1=" " ind2=" ">
    <subfield code="a">Offshore structures.</subfield>
  </datafield>
  <datafield tag="650" ind1=" " ind2=" ">
    <subfield code="a">Oceanography.</subfield>
  </datafield>
  <datafield tag="650" ind1=" " ind2=" ">
    <subfield code="a">Engineering geology.</subfield>
  </datafield>
  <datafield tag="650" ind1=" " ind2=" ">
    <subfield code="a">Telecommunication.</subfield>
  </datafield>
  <datafield tag="650" ind1=" " ind2=" ">
    <subfield code="a">Physical geography.</subfield>
  </datafield>
  <datafield tag="650" ind1=" " ind2=" ">
    <subfield code="a">Offshore Engineering.</subfield>
  </datafield>
  <datafield tag="650" ind1=" " ind2=" ">
    <subfield code="a">Ocean Sciences.</subfield>
  </datafield>
  <datafield tag="650" ind1=" " ind2=" ">
    <subfield code="a">Geoengineering.</subfield>
  </datafield>
  <datafield tag="650" ind1=" " ind2=" ">
    <subfield code="a">Communications Engineering, Networks.</subfield>
  </datafield>
  <datafield tag="650" ind1=" " ind2=" ">
    <subfield code="a">Earth System Sciences.</subfield>
  </datafield>
  <datafield tag="700" ind1=" " ind2=" ">
    <subfield code="a">Cui, Weicheng.</subfield>
    <subfield code="e">editor.</subfield>
    <subfield code="4">edt</subfield>
    <subfield code="4">http://id.loc.gov/vocabulary/relators/edt</subfield>
  </datafield>
  <datafield tag="700" ind1=" " ind2=" ">
    <subfield code="a">Fu, Shixiao.</subfield>
    <subfield code="e">editor.</subfield>
    <subfield code="4">edt</subfield>
    <subfield code="4">http://id.loc.gov/vocabulary/relators/edt</subfield>
  </datafield>
  <datafield tag="700" ind1=" " ind2=" ">
    <subfield code="a">Hu, Zhiqiang.</subfield>
    <subfield code="e">editor.</subfield>
    <subfield code="4">edt</subfield>
    <subfield code="4">http://id.loc.gov/vocabulary/relators/edt</subfield>
  </datafield>
  <datafield tag="710" ind1=" " ind2=" ">
    <subfield code="a">SpringerLink (Online service)</subfield>
  </datafield>
  <datafield tag="773" ind1=" " ind2=" ">
    <subfield code="t">Springer Nature eReference</subfield>
  </datafield>
  <datafield tag="776" ind1=" " ind2=" ">
    <subfield code="i">Printed edition:</subfield>
    <subfield code="z">9789811069451</subfield>
  </datafield>
  <datafield tag="856" ind1=" " ind2=" ">
    <subfield code="u">https://doi.org/10.1007/978-981-10-6946-8</subfield>
  </datafield>
  <datafield tag="912" ind1=" " ind2=" ">
    <subfield code="a">ZDB-2-ENG</subfield>
  </datafield>
  <datafield tag="912" ind1=" " ind2=" ">
    <subfield code="a">ZDB-2-SXRC</subfield>
  </datafield>
  <datafield tag="999" ind1=" " ind2=" ">
    <subfield code="c">12642</subfield>
    <subfield code="d">12642</subfield>
  </datafield>
  <datafield tag="952" ind1=" " ind2=" ">
    <subfield code="0">0</subfield>
    <subfield code="1">0</subfield>
    <subfield code="4">0</subfield>
    <subfield code="7">0</subfield>
    <subfield code="a">MU</subfield>
    <subfield code="b">MU</subfield>
    <subfield code="d">2025-01-03</subfield>
    <subfield code="r">2025-01-03</subfield>
    <subfield code="w">2025-01-03</subfield>
    <subfield code="y">EB</subfield>
  </datafield>
</record>
